| 000 | 00344nam a22001337a 4500 | ||
|---|---|---|---|
| 003 | OSt | ||
| 005 | 20220729215023.0 | ||
| 008 | 220729b ||||| |||| 00| 0 eng d | ||
| 040 | _cAACR 2 | ||
| 082 | _a621.381 KRI | ||
| 100 |
_aKrithi Mohan K _913241 |
||
| 245 | _aDevelopment of software system and analyzing remote sensing | ||
| 942 |
_2ddc _cPR |
||
| 999 |
_c189710 _d189710 |
||